000 00589nam a22001695i 4500
001 167142
003 ES-MaACL
005 20230906213452.0
008 960320s1887 sp |||| | spa d
040 _aCARM
_bspa
_cCCPB | SIC
100 1 _aLozano, Fernando (
_d1844-1935)
_974416
245 1 0 _aPoseídos del demonio /
_cDemófilo.
260 _aMadrid :
_b[s.n.],
_c1887 (
_fImprenta de Ramon Angulo)
300 _a228 p. ;
_c18 cm.
594 1 _aDemofilo es seud. del P. Leonardo Velasco.
852 _aES-MaACL
_jD-3212
_z-- Rust.
_q-- Edic.: Demófilo es seudónimo de Fernando Lozano
999 _c167142
_d167142